Ndzheko wa rixaka [Tsonga] (Record no. 149485)

MARC details
000 -LEADER
fixed length control field 00291nam a2200097Ia 4500
082 ## - DEWEY DECIMAL CLASSIFICATION NUMBER
Classification number MERM-PCRL-PEZL
008 - FIXED-LENGTH DATA ELEMENTS--GENERAL INFORMATION
fixed length control field 210817s9999 xx 000 0 und d
100 ## - MAIN ENTRY--PERSONAL NAME
Personal name NGOBENI, Bruce Mikhomazi Elim Hospital, South Africa, 2006
9 (RLIN) 45132
245 #0 - TITLE STATEMENT
Title Ndzheko wa rixaka [Tsonga]
942 ## - ADDED ENTRY ELEMENTS
item type Books
Holdings
Withdrawn status Lost status Damaged status Not for loan Home library Current library Date acquired Cost, normal purchase price Total Checkouts Barcode Date last seen Price effective from item type
        Ezenzeleni Public Library Ezenzeleni Public Library 18.08.2021 399.00   33228019721438 18.08.2021 18.08.2021 Books